[Event "ENG-ch Senior 50+"]
[Site "Leamington"]
[Date "2023.05.05"]
[Round "3.9"]
[White "Thompson, Ian D"]
[Black "Gibbs, Dominic V"]
[Result "1/2-1/2"]
[WhiteElo "2064"]
[BlackElo "1879"]
[PlyCount "127"]
[EventDate "2023.05.04"]
[EventType "swiss"]
[EventRounds "7"]
[EventCountry "ENG"]
[SourceTitle "BritBase"]
[Source "John Saunders"]
[SourceDate "2023.05.08"]
[SourceVersion "1"]
[SourceVersionDate "2023.05.08"]
[SourceQuality "1"]

1. d4 e6 2. Nf3 f5 3. d5 Be7 4. Nc3 Nf6 5. dxe6 dxe6 6. Bf4 O-O 7. e3 Nd5 8.
Nxd5 exd5 9. Be2 Nc6 10. h4 Kh8 11. Ng5 h6 12. Bf3 d4 13. Bxc6 bxc6 14. Qh5 Qe8
15. Qxe8 Rxe8 16. Nf3 Bb4+ 17. Nd2 dxe3 18. fxe3 Bd6 19. O-O-O Be6 20. c4 a5
21. Rhe1 Bf7 22. Kc2 a4 23. Bxd6 cxd6 24. Kc3 d5 25. Nf3 dxc4 26. Nd4 Bd5 27.
Nxf5 a3 28. Rd2 axb2 29. Rxb2 c5 30. Nd6 Ra3+ 31. Kc2 Rexe3 32. Rxe3 Rxe3 33.
g4 Ra3 34. g5 hxg5 35. hxg5 Kh7 36. Rb5 Rxa2+ 37. Kc1 Ra6 38. Nf5 Be4 39. Ng3
Bd3 40. Rxc5 Kg6 41. Kd2 Re6 42. Ra5 Rc6 43. Re5 Bb1 44. Ne2 Ba2 45. Kc3 Rd6
46. Nf4+ Kf7 47. Rf5+ Ke7 48. Re5+ Kf7 49. Rf5+ Kg8 50. Ra5 Bb3 51. Ra8+ Kf7
52. Ra7+ Kf8 53. Ra8+ Ke7 54. Rg8 Kf7 55. Ra8 Rd7 56. Ra6 Rc7 57. g6+ Ke8 58.
Ra8+ Kd7 59. Rg8 Kd6 60. Nh5 Ke5 61. Nxg7 Re7 62. Re8 Rxe8 63. Nxe8 Ke6 64. Nd6
1/2-1/2

[Event "ENG-ch Senior 50+"]
[Site "Leamington"]
[Date "2023.05.05"]
[Round "3.10"]
[White "Alldritt, Nigel R"]
[Black "Donnelly, Andrew J"]
[Result "1-0"]
[WhiteElo "1954"]
[BlackElo "1586"]
[PlyCount "85"]
[EventDate "2023.05.04"]
[EventType "swiss"]
[EventRounds "7"]
[EventCountry "ENG"]
[SourceTitle "BritBase"]
[Source "John Saunders"]
[SourceDate "2023.05.08"]
[SourceVersion "1"]
[SourceVersionDate "2023.05.08"]
[SourceQuality "1"]

1. d4 g6 2. c4 Nf6 3. g3 Bg7 4. Bg2 O-O 5. Nc3 d6 6. Nf3 Nbd7 7. O-O Rb8 8. e4
e5 9. h3 a6 10. Be3 b5 11. c5 b4 12. Na4 Nxe4 13. Nxe5 Nxf2 14. Rxf2 dxe5 15.
d5 Nf6 16. Rd2 Bf5 17. Qe2 Ne4 18. Bxe4 Bxe4 19. c6 f5 20. Nc5 Rf7 21. Rf1 a5
22. Nxe4 fxe4 23. Rxf7 Kxf7 24. d6 Kg8 25. Qc4+ Kh8 26. dxc7 Qxc7 27. Rd7 Qc8
28. Qf7 Qf8 29. c7 Rc8 30. Bb6 Qxf7 31. Rxf7 Kg8 32. Rd7 Bf6 33. Rd8+ Rxd8 34.
cxd8=Q+ Bxd8 35. Bxd8 a4 36. Bf6 Kf7 37. Bxe5 Ke6 38. Bh8 Kd5 39. Kf2 Ke6 40.
Ke3 Kf5 41. Bd4 h5 42. Bg7 g5 43. Bd4 1-0

[Event "ENG-ch Senior 50+"]
[Site "Leamington"]
[Date "2023.05.05"]
[Round "3.11"]
[White "Homer, Neil S"]
[Black "Hill, Jonathan S"]
[Result "0-1"]
[WhiteElo "1534"]
[BlackElo "2046"]
[PlyCount "98"]
[EventDate "2023.05.04"]
[EventType "swiss"]
[EventRounds "7"]
[EventCountry "ENG"]
[SourceTitle "BritBase"]
[Source "John Saunders"]
[SourceDate "2023.05.08"]
[SourceVersion "1"]
[SourceVersionDate "2023.05.08"]
[SourceQuality "1"]

1. e4 c5 2. Nc3 g6 3. f4 Bg7 4. Nf3 Nc6 5. Bb5 Nd4 6. O-O a6 7. Be2 d6 8. d3 e6
9. Be3 Ne7 10. Qd2 O-O 11. Nd1 Bd7 12. c3 Nxe2+ 13. Qxe2 Bc6 14. Qc2 Rc8 15.
Nf2 b6 16. Nh1 d5 17. Ng3 f5 18. e5 d4 19. Bd2 Qd7 20. c4 h6 21. Rae1 Qb7 22.
Re2 Rc7 23. b3 Rb8 24. Ree1 b5 25. Rb1 Qa8 26. Rb2 bxc4 27. bxc4 Rcb7 28. Rxb7
Qxb7 29. Bc1 Qb4 30. Bd2 Qb2 31. Rc1 Qxc2 32. Rxc2 Ba4 33. Rc1 Rb2 34. Nh1 Bc6
35. Ba5 g5 36. fxg5 hxg5 37. Nf2 Bxf3 38. gxf3 Bxe5 39. Be1 Bf4 40. Ra1 Be3 41.
h3 Ng6 42. Kf1 Nf4 43. Nd1 Rh2 44. Nxe3 dxe3 45. Kg1 Rb2 46. h4 gxh4 47. Bxh4
Nxd3 48. Bf6 Rc2 49. Rd1 e2 0-1

[Event "ENG-ch Senior 50+"]
[Site "Leamington"]
[Date "2023.05.05"]
[Round "3.12"]
[White "Miller, George I"]
[Black "Wall, Robert"]
[Result "1-0"]
[WhiteElo "1849"]
[BlackElo "1682"]
[PlyCount "109"]
[EventDate "2023.05.04"]
[EventType "swiss"]
[EventRounds "7"]
[EventCountry "ENG"]
[SourceTitle "BritBase"]
[Source "John Saunders"]
[SourceDate "2023.05.08"]
[SourceVersion "1"]
[SourceVersionDate "2023.05.08"]
[SourceQuality "1"]

1. e4 g6 2. d4 Bg7 3. Be3 d6 4. Nc3 a6 5. Qd2 b5 6. O-O-O b4 7. Nce2 a5 8. h4
Nd7 9. h5 e5 10. hxg6 hxg6 11. Rxh8 Bxh8 12. Bg5 Bf6 13. Nf3 Ba6 14. Be3 Nb6
15. b3 Rb8 16. dxe5 dxe5 17. Qxd8+ Rxd8 18. Rxd8+ Kxd8 19. Ng3 Bxf1 20. Nxf1
Ne7 21. Bxb6 cxb6 22. Ne3 Nc6 23. Nd5 Be7 24. Nxb6 Bc5 25. Nc4 Bxf2 26. Nfxe5
Nxe5 27. Nxe5 Ke7 28. Nc4 Ke6 29. Kd2 f5 30. exf5+ Kxf5 31. Ke2 Bc5 32. Kf3 g5
33. g4+ Ke6 34. Ke4 Be7 35. Nxa5 Bf6 36. Nc4 Be7 37. Ne3 Bc5 38. Nd5 Bd6 39. c3
bxc3 40. Nxc3 Be7 41. Nb5 Kd7 42. Kd5 Bb4 43. Nd4 Bd6 44. Ne6 Be7 45. Nc5+ Kc7
46. b4 Kb6 47. a4 Ka7 48. Kc6 Ka8 49. b5 Bd8 50. Ne6 Be7 51. b6 Kb8 52. a5 Ka8
53. Nc7+ Kb8 54. Na6+ Ka8 55. b7+ 1-0

[Event "ENG-ch Senior 50+"]
[Site "Leamington"]
[Date "2023.05.05"]
[Round "3.13"]
[White "McMahon, Paul"]
[Black "Gunasekera, Asanga"]
[Result "1-0"]
[WhiteElo "1898"]
[BlackElo "1506"]
[PlyCount "88"]
[EventDate "2023.05.04"]
[EventType "swiss"]
[EventRounds "7"]
[EventCountry "ENG"]
[SourceTitle "BritBase"]
[Source "John Saunders"]
[SourceDate "2023.05.08"]
[SourceVersion "1"]
[SourceVersionDate "2023.05.08"]
[SourceQuality "1"]

1. e4 c6 2. Nf3 d5 3. exd5 cxd5 4. Ne5 a6 5. d4 Nf6 6. Bd3 Nbd7 7. c3 e6 8. O-O
Bd6 9. Qe2 b5 10. Re1 Bb7 11. Nxf7 Bxh2+ 12. Kxh2 Kxf7 13. Qxe6+ Kf8 14. Bf4
Ne8 15. Bg3 Ndf6 16. Nd2 Bc8 17. Qe2 Ra7 18. Kg1 Re7 19. Qxe7+ Qxe7 20. Rxe7
Kxe7 21. Re1+ Kf7 22. Nf3 Rf8 23. Ng5+ Kg8 24. Re7 h6 25. Ne6 Rf7 26. Rxf7 Kxf7
27. Nd8+ Ke7 28. Nc6+ Kf7 29. f3 g5 30. Kf2 Kf8 31. Nb4 Ke7 32. Nc2 Nd6 33. Ne3
h5 34. b3 Bd7 35. Be5 Nde8 36. Bg6 Kf8 37. Bxe8 Nxe8 38. Nxd5 Kf7 39. Kg3 Ke6
40. Ne3 Bc6 41. f4 h4+ 42. Kg4 gxf4 43. Kxf4 Nf6 44. Bxf6 Kxf6 1-0

[Event "ENG-ch Senior 50+"]
[Site "Leamington"]
[Date "2023.05.05"]
[Round "3.14"]
[White "Parker, Keith"]
[Black "Wilson, Matthew R"]
[Result "1/2-1/2"]
[WhiteElo "1827"]
[BlackElo "1747"]
[PlyCount "39"]
[EventDate "2023.05.04"]
[EventType "swiss"]
[EventRounds "7"]
[EventCountry "ENG"]
[SourceTitle "BritBase"]
[Source "John Saunders"]
[SourceDate "2023.05.08"]
[SourceVersion "1"]
[SourceVersionDate "2023.05.08"]
[SourceQuality "1"]

1. d4 d5 2. Nf3 Nf6 3. g3 e6 4. Bg2 c5 5. c4 Nc6 6. O-O Be7 7. dxc5 Bxc5 8.
cxd5 exd5 9. Bg5 d4 10. Nbd2 h6 11. Bxf6 Qxf6 12. Ne4 Qe7 13. Nxc5 Qxc5 14. Qd2
O-O 15. Rfd1 Rd8 16. Rac1 Qb6 17. b3 Be6 18. Ne1 Bd5 19. Bxd5 Rxd5 20. Nd3
1/2-1/2

[Event "ENG-ch Senior 50+"]
[Site "Leamington"]
[Date "2023.05.05"]
[Round "3.15"]
[White "Betts, Richard"]
[Black "Gardiner, Eric D"]
[Result "1/2-1/2"]
[WhiteElo "1752"]
[BlackElo "1830"]
[PlyCount "58"]
[EventDate "2023.05.04"]
[EventType "swiss"]
[EventRounds "7"]
[EventCountry "ENG"]
[SourceTitle "BritBase"]
[Source "John Saunders"]
[SourceDate "2023.05.08"]
[SourceVersion "1"]
[SourceVersionDate "2023.05.08"]
[SourceQuality "1"]

1. d4 d5 2. c4 dxc4 3. e3 Nf6 4. Bxc4 e6 5. Nf3 a6 6. O-O c5 7. a4 Nc6 8. Nc3
Be7 9. b3 cxd4 10. exd4 Nb4 11. Ba3 O-O 12. Re1 Bd7 13. Na2 Nbd5 14. Bxe7 Qxe7
15. Qd2 Rfd8 16. Nc3 Bc6 17. Ne5 Rac8 18. Ne2 Ne4 19. Qb2 Qf6 20. f3 Nd6 21.
Nxc6 Rxc6 22. Bxd5 exd5 23. Rac1 Rdc8 24. Rxc6 Rxc6 25. Rc1 Nf5 26. Rxc6 bxc6
27. Qd2 g6 28. Qf4 Qe6 29. Kf2 Kg7 1/2-1/2

[Event "ENG-ch Senior 50+"]
[Site "Leamington"]
[Date "2023.05.05"]
[Round "3.16"]
[White "Chantrell, Paul"]
[Black "Cole, Graham L"]
[Result "1/2-1/2"]
[WhiteElo "1576"]
[BlackElo "1643"]
[PlyCount "54"]
[EventDate "2023.05.04"]
[EventType "swiss"]
[EventRounds "7"]
[EventCountry "ENG"]
[SourceTitle "BritBase"]
[Source "John Saunders"]
[SourceDate "2023.05.08"]
[SourceVersion "1"]
[SourceVersionDate "2023.05.08"]
[SourceQuality "1"]

1. e4 c5 2. Nf3 d6 3. d4 cxd4 4. Nxd4 Nf6 5. Nc3 g6 6. Be3 Bg7 7. Bc4 O-O 8. f3
Nc6 9. Qd2 Bd7 10. Bb3 a6 11. O-O Rc8 12. Nxc6 Rxc6 13. Rfd1 Rc8 14. a4 Be6 15.
Bxe6 fxe6 16. a5 Nd7 17. Na4 Ne5 18. Nb6 Nc4 19. Nxc4 Rxc4 20. Bb6 Qd7 21. c3
Be5 22. Qd3 Rc6 23. g3 Rfc8 24. Kg2 Qe8 25. f4 Bg7 26. Ra3 Rc4 27. Re1 Qc6
1/2-1/2

[Event "ENG-ch Senior 50+"]
[Site "Leamington"]
[Date "2023.05.06"]
[Round "4.1"]
[White "Hebden, Mark L"]
[Black "Dishman, Stephen"]
[Result "1/2-1/2"]
[WhiteElo "2434"]
[BlackElo "2259"]
[PlyCount "87"]
[EventDate "2023.05.04"]
[EventType "swiss"]
[EventRounds "7"]
[EventCountry "ENG"]
[SourceTitle "BritBase"]
[Source "John Saunders"]
[SourceDate "2023.05.08"]
[SourceVersion "1"]
[SourceVersionDate "2023.05.08"]
[SourceQuality "1"]

1. d4 d5 2. c4 c6 3. Nf3 Nf6 4. Nc3 dxc4 5. a4 e6 6. e3 c5 7. Bxc4 Nc6 8. O-O
cxd4 9. exd4 Be7 10. Qe2 O-O 11. Rd1 Nb4 12. Ne5 Bd7 13. d5 exd5 14. Nxd5 Nbxd5
15. Bxd5 Nxd5 16. Rxd5 Bg4 17. Qc4 Qxd5 18. Qxd5 Rad8 19. Qb3 Rd1+ 20. Qxd1
Bxd1 21. Bg5 Bxg5 22. Rxd1 Rd8 23. Re1 g6 24. Kf1 h5 25. h3 Bf6 26. Nc4 Kf8 27.
Re3 Rd4 28. b3 Rd5 29. Ke2 b5 30. axb5 Rxb5 31. Rd3 Ke7 32. g4 hxg4 33. hxg4 a5
34. Ne3 Be5 35. f4 Bd6 36. Kf3 Bb8 37. g5 Ke6 38. Nc2 Ba7 39. Ke4 Rb8 40. Rc3
Kd6 41. Kf3 Bc5 42. Kg4 Re8 43. Rd3+ Kc6 44. Nd4+ 1/2-1/2

[Event "ENG-ch Senior 50+"]
[Site "Leamington"]
[Date "2023.05.06"]
[Round "4.2"]
[White "Bradbury, Neil H"]
[Black "Arkell, Keith C"]
[Result "0-1"]
[WhiteElo "2215"]
[BlackElo "2390"]
[PlyCount "132"]
[EventDate "2023.05.04"]
[EventType "swiss"]
[EventRounds "7"]
[EventCountry "ENG"]
[SourceTitle "BritBase"]
[Source "John Saunders"]
[SourceDate "2023.05.08"]
[SourceVersion "1"]
[SourceVersionDate "2023.05.08"]
[SourceQuality "1"]

1. d4 Nf6 2. c4 e6 3. Nf3 b6 4. a3 Ba6 5. e3 c5 6. Be2 Be7 7. Nc3 cxd4 8. Nxd4
Bb7 9. O-O Nc6 10. b3 Nxd4 11. Qxd4 d6 12. Bb2 O-O 13. Rad1 Qc8 14. Qf4 Bc6 15.
Rc1 Qb7 16. Qg3 a6 17. Rfd1 b5 18. cxb5 axb5 19. Na2 Bd5 20. Bf3 Bxf3 21. gxf3
Rfc8 22. Nb4 d5 23. Nd3 Ne8 24. b4 Bf6 25. Rxc8 Qxc8 26. Bxf6 Nxf6 27. Rc1 Qa6
28. Qc7 h6 29. Qc3 Ne8 30. Ra1 Nd6 31. Nc5 Qc6 32. Kf1 Nc4 33. Ke2 e5 34. Qb3
Nb6 35. Rc1 Qg6 36. Qd3 Qxd3+ 37. Nxd3 Nc4 38. Rc3 f6 39. f4 d4 40. exd4 exd4
41. Rb3 Nxa3 42. Nc5 Nc4 43. Kd3 Ra2 44. Kxd4 Rxf2 45. Kd5 Rxh2 46. Kc6 Rf2 47.
Kxb5 Rxf4 48. Kc6 h5 49. Ne6 Rg4 50. Kd5 Kf7 51. Nd4 Nb6+ 52. Kc5 Nd7+ 53. Kd5
h4 54. b5 g5 55. b6 h3 56. Rxh3 Nxb6+ 57. Kc5 Kg6 58. Nc6 Na4+ 59. Kd5 Rg1 60.
Ne7+ Kg7 61. Nf5+ Kf7 62. Ra3 Rd1+ 63. Ke4 Nc5+ 64. Ke3 Rd7 65. Rc3 Ne6 66. Kf3
Nd4+ 0-1

[Event "ENG-ch Senior 50+"]
[Site "Leamington"]
[Date "2023.05.06"]
[Round "4.3"]
[White "Rich, Mark C"]
[Black "Davies, Nigel R"]
[Result "0-1"]
[WhiteElo "2070"]
[BlackElo "2379"]
[PlyCount "70"]
[EventDate "2023.05.04"]
[EventType "swiss"]
[EventRounds "7"]
[EventCountry "ENG"]
[SourceTitle "BritBase"]
[Source "John Saunders"]
[SourceDate "2023.05.08"]
[SourceVersion "1"]
[SourceVersionDate "2023.05.08"]
[SourceQuality "1"]

1. e4 e6 2. d4 d5 3. Bd3 dxe4 4. Bxe4 Nf6 5. Bf3 Nc6 6. Be3 Bd6 7. Nd2 O-O 8.
Ne2 Nd5 9. Nc4 Nxe3 10. fxe3 Bd7 11. Nxd6 cxd6 12. Qd2 Ne7 13. c4 Bc6 14. Bxc6
bxc6 15. O-O a5 16. b3 d5 17. c5 Qc7 18. Nf4 Rfe8 19. a3 e5 20. Nd3 Ng6 21. g3
h5 22. Qf2 Qd7 23. b4 h4 24. gxh4 exd4 25. exd4 axb4 26. Qg3 Re4 27. h3 Rxh4
28. Kh2 Rxd4 29. axb4 Rxa1 30. Rxa1 Qf5 31. Ra8+ Kh7 32. Ra3 Rc4 33. Ra2 Rc3
34. Rd2 Rb3 35. Qe3 f6 0-1

[Event "ENG-ch Senior 50+"]
[Site "Leamington"]
[Date "2023.05.06"]
[Round "4.4"]
[White "Baer, Bruce L"]
[Black "Wells, Peter K"]
[Result "0-1"]
[WhiteElo "1950"]
[BlackElo "2356"]
[PlyCount "52"]
[EventDate "2023.05.04"]
[EventType "swiss"]
[EventRounds "7"]
[EventCountry "ENG"]
[SourceTitle "BritBase"]
[Source "John Saunders"]
[SourceDate "2023.05.08"]
[SourceVersion "1"]
[SourceVersionDate "2023.05.08"]
[SourceQuality "1"]

1. g3 g6 2. Bg2 Bg7 3. e4 c5 4. f4 Nc6 5. Ne2 d5 6. exd5 Nb4 7. O-O Nxd5 8. h3
h5 9. Nbc3 Ngf6 10. Nxd5 Nxd5 11. Nc3 Bd4+ 12. Kh1 Bg4 13. Bf3 Bxc3 14. dxc3
Bxh3 15. Re1 Nf6 16. Qe2 Bg4 17. f5 gxf5 18. Bg5 Ne4 19. Bh4 Qd5 20. Kg2 O-O-O
21. Rad1 Qe6 22. Bxg4 hxg4 23. Qe3 Rd5 24. c4 Rxd1 25. Rxd1 Qxc4 26. Qd3 Qe6
0-1

[Event "ENG-ch Senior 50+"]
[Site "Leamington"]
[Date "2023.05.06"]
[Round "4.5"]
[White "Lewis, Andrew P"]
[Black "Brett, Andrew R"]
[Result "1-0"]
[WhiteElo "2230"]
[BlackElo "2085"]
[PlyCount "135"]
[EventDate "2023.05.04"]
[EventType "swiss"]
[EventRounds "7"]
[EventCountry "ENG"]
[SourceTitle "BritBase"]
[Source "John Saunders"]
[SourceDate "2023.05.08"]
[SourceVersion "1"]
[SourceVersionDate "2023.05.08"]
[SourceQuality "1"]

1. d4 Nf6 2. c4 e6 3. Nc3 Bb4 4. a3 Bxc3+ 5. bxc3 c5 6. e3 Nc6 7. Bd3 b6 8. Ne2
d6 9. e4 e5 10. O-O Qe7 11. h3 Bd7 12. d5 Na5 13. f4 h6 14. Ng3 O-O-O 15. a4
Rdf8 16. Ra2 Rhg8 17. Be3 Ne8 18. Kh2 exf4 19. Bxf4 g5 20. Bd2 Ng7 21. Be1 h5
22. Nf5 Nxf5 23. exf5 Qf6 24. Qxh5 g4 25. Qh4 Qe5+ 26. Qg3 gxh3 27. Qxe5 dxe5
28. Kxh3 f6 29. g4 Rf7 30. Rg1 Rh7+ 31. Kg3 Rhg7 32. Kf3 Rh7 33. Rgg2 Nb7 34.
Be2 Nd6 35. a5 Kb7 36. Bg3 Rhg7 37. a6+ Kc7 38. Bh4 Bxf5 39. Bxf6 Be4+ 40. Kg3
Bxg2 41. Bxg7 Rxg7 42. Kxg2 Ne4 43. Bf3 Ng5 44. Kg3 Kd6 45. Rh2 e4 46. Bg2 b5
47. Kf4 b4 48. Rh6+ Kd7 49. cxb4 cxb4 50. c5 b3 51. Rh1 e3 52. Kxe3 Nh7 53. Be4
Nf6 54. Bf5+ Kc7 55. Kd4 Nxg4 56. Rb1 Nh6 57. d6+ Kc6 58. Be4+ Kd7 59. Rxb3 Rg1
60. Rb7+ Ke6 61. Bd5+ Kf6 62. Rxa7 Nf5+ 63. Kc3 Rc1+ 64. Kb4 Rb1+ 65. Ka5 Rd1
66. Rf7+ Ke5 67. Rxf5+ Kxf5 68. a7 1-0

[Event "ENG-ch Senior 50+"]
[Site "Leamington"]
[Date "2023.05.06"]
[Round "4.6"]
[White "Josse, Mark"]
[Black "Alldritt, Nigel R"]
[Result "1/2-1/2"]
[WhiteElo "2160"]
[BlackElo "1954"]
[PlyCount "101"]
[EventDate "2023.05.04"]
[EventType "swiss"]
[EventRounds "7"]
[EventCountry "ENG"]
[SourceTitle "BritBase"]
[Source "John Saunders"]
[SourceDate "2023.05.08"]
[SourceVersion "1"]
[SourceVersionDate "2023.05.08"]
[SourceQuality "1"]

1. c4 e5 2. Nc3 Bb4 3. Qc2 c6 4. Nf3 Qe7 5. a3 Ba5 6. b4 Bc7 7. g3 Nf6 8. d3 d6
9. Bg2 O-O 10. O-O Nbd7 11. e4 Rd8 12. Re1 Nf8 13. d4 Ng6 14. d5 Bd7 15. h3
cxd5 16. cxd5 Rdc8 17. Qb3 b5 18. Be3 a5 19. Bf1 a4 20. Qc2 Rab8 21. Qd3 Qd8
22. Rac1 Bb6 23. Bxb6 Qxb6 24. Rc2 Ne7 25. Rec1 Nh5 26. Kg2 f5 27. Be2 Nf6 28.
Ng5 h6 29. Ne6 fxe4 30. Nxe4 Nexd5 31. Bg4 Rxc2 32. Nxf6+ Nxf6 33. Rxc2 Nxg4
34. Qg6 Qb7+ 35. Kg1 Bxe6 36. Qxe6+ Qf7 37. Qxg4 Kh7 38. Qe4+ g6 39. h4 Kg7 40.
Rc6 Rf8 41. Qc2 Qb3 42. Qxb3 axb3 43. Rc3 b2 44. Rb3 Ra8 45. Rxb2 Rxa3 46. Rd2
Ra6 47. Rd5 Rb6 48. Kg2 Kf6 49. Kf3 Ke6 50. Ke4 g5 51. hxg5 1/2-1/2

[Event "ENG-ch Senior 50+"]
[Site "Leamington"]
[Date "2023.05.06"]
[Round "4.7"]
[White "Hill, Jonathan S"]
[Black "Mason, Donald J"]
[Result "1-0"]
[WhiteElo "2046"]
[BlackElo "2054"]
[PlyCount "93"]
[EventDate "2023.05.04"]
[EventType "swiss"]
[EventRounds "7"]
[EventCountry "ENG"]
[SourceTitle "BritBase"]
[Source "John Saunders"]
[SourceDate "2023.05.08"]
[SourceVersion "1"]
[SourceVersionDate "2023.05.08"]
[SourceQuality "1"]

1. d4 Nf6 2. Nc3 d5 3. Bf4 g6 4. e3 Bg7 5. Be2 O-O 6. h4 h5 7. Nf3 Ng4 8. O-O
Bf5 9. Nb5 c6 10. Na3 b5 11. c3 f6 12. Nc2 e5 13. dxe5 fxe5 14. Bg5 Qd6 15. g3
Nd7 16. Nh2 Nxh2 17. Kxh2 Nc5 18. f3 Bd7 19. Kg2 Rf7 20. Rh1 Raf8 21. Ne1 Ne4
22. fxe4 Rf2+ 23. Kg1 Bg4 24. Bxg4 Rf1+ 25. Kh2 R8f2+ 26. Ng2 Rxd1 27. Bxd1 c5
28. Rg1 dxe4 29. Bb3+ c4 30. Rad1 Qe6 31. Rd8+ Kh7 32. Bd1 Bf6 33. Rf8 Kg7 34.
Rxf6 Rxf6 35. Bxf6+ Qxf6 36. Re1 Qd6 37. g4 Qd2 38. gxh5 Qxb2 39. hxg6 Kxg6 40.
a4 a6 41. h5+ Kg5 42. axb5 axb5 43. Rg1 Kh6 44. Rf1 Qxc3 45. Rf6+ Kh7 46. Bg4
Qe1 47. Nxe1 1-0

[Event "ENG-ch Senior 50+"]
[Site "Leamington"]
[Date "2023.05.06"]
[Round "4.8"]
[White "Macfarlane, Donald"]
[Black "Henderson, David"]
[Result "1/2-1/2"]
[WhiteElo "2207"]
[BlackElo "2116"]
[PlyCount "77"]
[EventDate "2023.05.04"]
[EventType "swiss"]
[EventRounds "7"]
[EventCountry "ENG"]
[SourceTitle "BritBase"]
[Source "John Saunders"]
[SourceDate "2023.05.08"]
[SourceVersion "1"]
[SourceVersionDate "2023.05.08"]
[SourceQuality "1"]

1. c4 e5 2. Nc3 Nc6 3. g3 d6 4. Bg2 f5 5. d3 Nf6 6. Rb1 a5 7. a3 Be7 8. b4 axb4
9. axb4 O-O 10. b5 Nd4 11. e3 Ne6 12. Nge2 Qe8 13. O-O Kh8 14. Nd5 Nxd5 15.
Bxd5 Rf6 16. Bg2 Rb8 17. Nc3 Bd7 18. Nd5 Rf8 19. f4 exf4 20. exf4 Bd8 21. Re1
Qf7 22. Qa4 c6 23. bxc6 Bxc6 24. Qa3 Qd7 25. Qa7 Rc8 26. Be3 Qf7 27. Bf2 Bf6
28. Qa3 Rcd8 29. Nxf6 Qxf6 30. Rb6 Nd4 31. Qb2 Nf3+ 32. Bxf3 Qxb2 33. Rxb2 Bxf3
34. Re7 Rfe8 35. Rc7 Rc8 36. Bb6 Kg8 37. d4 Rxc7 38. Bxc7 Rc8 39. Bxd6 1/2-1/2

[Event "ENG-ch Senior 50+"]
[Site "Leamington"]
[Date "2023.05.06"]
[Round "4.9"]
[White "Byron, Alan M"]
[Black "Hymer, Barry J"]
[Result "1-0"]
[WhiteElo "2181"]
[BlackElo "1898"]
[PlyCount "65"]
[EventDate "2023.05.04"]
[EventType "swiss"]
[EventRounds "7"]
[EventCountry "ENG"]
[SourceTitle "BritBase"]
[Source "John Saunders"]
[SourceDate "2023.05.08"]
[SourceVersion "1"]
[SourceVersionDate "2023.05.08"]
[SourceQuality "1"]

1. e4 d6 2. d4 Nf6 3. Nc3 e5 4. Nf3 Nbd7 5. Bc4 Be7 6. O-O O-O 7. a4 c6 8. Ba2
h6 9. Re1 a5 10. h3 Re8 11. Be3 Bf8 12. Rb1 Qc7 13. Nh4 exd4 14. Bxd4 d5 15.
exd5 Rxe1+ 16. Qxe1 Qf4 17. Nf3 cxd5 18. Rd1 Bb4 19. Nxd5 Nxd5 20. Qe8+ Nf8 21.
Bxd5 Be6 22. Qxa8 Bxd5 23. Be3 Qf5 24. Nd4 Qe4 25. Nf3 Qf5 26. Qd8 Bxf3 27.
gxf3 Qxf3 28. Rd3 Qe4 29. Qd5 Qg6+ 30. Qg2 Qe6 31. Qxb7 Ng6 32. Qd7 Qe4 33. Qd5
1-0

[Event "ENG-ch Senior 50+"]
[Site "Leamington"]
[Date "2023.05.06"]
[Round "4.10"]
[White "Gibbs, Dominic V"]
[Black "Crocker, Philip J"]
[Result "0-1"]
[WhiteElo "1879"]
[BlackElo "2148"]
[PlyCount "36"]
[EventDate "2023.05.04"]
[EventType "swiss"]
[EventRounds "7"]
[EventCountry "ENG"]
[SourceTitle "BritBase"]
[Source "John Saunders"]
[SourceDate "2023.05.08"]
[SourceVersion "1"]
[SourceVersionDate "2023.05.08"]
[SourceQuality "1"]

1. e4 e5 2. Nf3 Nc6 3. Bb5 a6 4. Ba4 Nf6 5. O-O Be7 6. Qe2 b5 7. Bb3 O-O 8. c3
d5 9. d3 Be6 10. Nbd2 h6 11. Rd1 Re8 12. Nf1 Bd6 13. Ng3 Na5 14. Bc2 c5 15. d4
exd4 16. cxd4 Bxg3 17. hxg3 dxe4 18. Nd2 Bg4 0-1

[Event "ENG-ch Senior 50+"]
[Site "Leamington"]
[Date "2023.05.06"]
[Round "4.11"]
[White "Miller, George I"]
[Black "Thompson, Ian D"]
[Result "0-1"]
[WhiteElo "1849"]
[BlackElo "2064"]
[PlyCount "56"]
[EventDate "2023.05.04"]
[EventType "swiss"]
[EventRounds "7"]
[EventCountry "ENG"]
[SourceTitle "BritBase"]
[Source "John Saunders"]
[SourceDate "2023.05.08"]
[SourceVersion "1"]
[SourceVersionDate "2023.05.08"]
[SourceQuality "1"]

1. e4 e6 2. d4 d5 3. Bd3 c5 4. exd5 exd5 5. Nf3 c4 6. Be2 Nf6 7. O-O Be7 8. b3
cxb3 9. axb3 O-O 10. c4 Bg4 11. h3 Bh5 12. g4 Bg6 13. Ne5 Bxb1 14. Rxb1 Ne4 15.
Qd3 Na6 16. Qf3 Nc7 17. c5 Ne6 18. Rd1 Bh4 19. Rb2 Bxf2+ 20. Kg2 Bxd4 21. Nd3
N6g5 22. Qf5 g6 23. Bxg5 Nxg5 24. Qf4 Ne6 25. Qd2 Bxb2 26. Qxb2 Qg5 27. Bf3
Rad8 28. Ne5 d4 0-1

[Event "ENG-ch Senior 50+"]
[Site "Leamington"]
[Date "2023.05.06"]
[Round "4.12"]
[White "Gardiner, Eric D"]
[Black "McMahon, Paul"]
[Result "1-0"]
[WhiteElo "1830"]
[BlackElo "1898"]
[PlyCount "79"]
[EventDate "2023.05.04"]
[EventType "swiss"]
[EventRounds "7"]
[EventCountry "ENG"]
[SourceTitle "BritBase"]
[Source "John Saunders"]
[SourceDate "2023.05.08"]
[SourceVersion "1"]
[SourceVersionDate "2023.05.08"]
[SourceQuality "1"]

1. Nf3 d5 2. g3 Nf6 3. Bg2 g6 4. O-O Bg7 5. d4 b6 6. c4 c6 7. Nc3 Bb7 8. cxd5
cxd5 9. Bf4 O-O 10. Rc1 Na6 11. Qa4 Qd7 12. Qxd7 Nxd7 13. Bh3 f5 14. Nb5 Nf6
15. Nc7 Nxc7 16. Rxc7 Ba6 17. Ng5 Nh5 18. Bg2 Nxf4 19. gxf4 Bxd4 20. Bxd5+ Kh8
21. Rxe7 Bg7 22. Bxa8 Rxa8 23. Rc1 h6 24. Rcc7 hxg5 25. Rxg7 gxf4 26. Rh7+ Kg8
27. Rcg7+ Kf8 28. Rxg6 Bxe2 29. Rh8+ Kf7 30. Rxa8 Kxg6 31. Rxa7 f3 32. Rb7 b5
33. b3 Bd3 34. a4 bxa4 35. bxa4 Be4 36. Rb6+ Kf7 37. a5 Ke7 38. a6 Kd7 39. a7
Kc7 40. Rb8 1-0